000 00430nam a2200169Ia 4500
001 1899
003 IN-NITTTR
005 20251114232922.0
008 251113s9999||||xx |||||||||||||| ||eng||
040 _beng
040 _cIN-NITTTR
041 _aeng
082 _a621.312 L944G
100 _aLovell, Alfred H.
245 0 _aGenerating stations :
_b economic elements of electrical design. /
_cLovell, Alfred H.
942 _2ddc
_cBK
999 _c2724
_d2724